|
|
|
|
| LEADER |
00000nam a22000005a 4500 |
| 001 |
20924 |
| 003 |
CL-ChBUA |
| 005 |
20120815103800.0 |
| 008 |
070301s2005 ag 000 0 spa |
| 020 |
|
|
|a 9505077467
|
| 040 |
|
|
|a CL-ChBUA
|c CL-ChBUA
|
| 082 |
0 |
0 |
|a 362.29
|
| 090 |
|
|
|c 20924
|d 20924
|
| 100 |
1 |
|
|a Yaría. Juan A.
|
| 245 |
1 |
0 |
|a Drogas, escuela, familia y prevención
|
| 260 |
|
|
|b Bonum.
|a Buenos Aires.
|c 2005.
|
| 300 |
|
|
|c 23 cm.
|
| 504 |
|
|
|a Indice.
|
| 650 |
|
4 |
|a DROGAS - EDUCACIÓN.
|
| 650 |
|
4 |
|a DROGAS - PREVENCIÓN.
|
| 942 |
|
|
|c LIB
|
| 952 |
|
|
|0 0
|1 0
|4 0
|7 0
|9 28411
|a UNACH
|b UNACH
|c 300
|d 2007-03-05
|i 39.889.
|l 2
|m 3
|o 362.29 / Y 26. c.1
|p 29410
|r 2020-03-12 00:00:00
|s 2013-04-10
|u 28411
|w 2012-08-08
|y LIB
|k 362.29 / Y 26. c.1
|
| 952 |
|
|
|0 0
|1 0
|4 0
|7 0
|9 60445
|a UNACH
|b UNACH
|c 300
|d 2009-01-14
|i 40.216
|l 0
|o 362.29 / Y 26. c.2
|p 61580
|r 2020-03-12 00:00:00
|u 60445
|w 2012-08-08
|y LIB
|k 362.29 / Y 26. c.2
|
| 999 |
|
|
|c 20924
|d 20924
|